How to turn down a billion dollars : (Record no. 368295)
[ view plain ]
| 000 -LEADER | |
|---|---|
| fixed length control field | 01260nam a22002897a 4500 |
| 003 - CONTROL NUMBER IDENTIFIER | |
| control field | 0 |
| 005 - DATE AND TIME OF LATEST TRANSACTION | |
| control field | 20251020145751.0 |
| 008 - FIXED-LENGTH DATA ELEMENTS--GENERAL INFORMATION | |
| fixed length control field | 251020b xxu||||| |||| 00| 0 eng d |
| 020 ## - INTERNATIONAL STANDARD BOOK NUMBER | |
| International Standard Book Number | 978-1-250-10861-6 |
| 050 ## - LIBRARY OF CONGRESS CALL NUMBER | |
| Classification number | HD 9696.8.U64 |
| Item number | .G35 2018 |
| 100 ## - MAIN ENTRY--PERSONAL NAME | |
| Personal name | Gallagher, Billy, |
| Relator term | author. |
| 245 ## - TITLE STATEMENT | |
| Title | How to turn down a billion dollars : |
| Remainder of title | the Snapchat story / |
| Statement of responsibility, etc | Billy Gallagher. |
| 260 ## - PUBLICATION, DISTRIBUTION, ETC. (IMPRINT) | |
| Place of publication, distribution, etc | New York : |
| Name of publisher, distributor, etc | St. Martin’s Press, |
| Date of publication, distribution, etc | 2018. |
| 300 ## - PHYSICAL DESCRIPTION | |
| Extent | 287 pages ; |
| Dimensions | 25 cm. |
| 500 ## - GENERAL NOTE | |
| General note | "An insider’s look at the rise of Snapchat, chronicling its founding, explosive growth, and the culture of Silicon Valley entrepreneurship." |
| 504 ## - BIBLIOGRAPHY, ETC. NOTE | |
| Bibliography, etc | Includes bibliographical references and index. |
| 520 ## - SUMMARY, ETC. | |
| Summary, etc | Chronicles the creation and rapid rise of Snapchat by Evan Spiegel and his team, exploring startup culture, innovation, and business rivalry in Silicon Valley. |
| 600 ## - SUBJECT ADDED ENTRY--PERSONAL NAME | |
| Personal name | Spiegel, Evan, |
| Dates associated with a name | 1990- |
| 610 ## - SUBJECT ADDED ENTRY--CORPORATE NAME | |
| Corporate name or jurisdiction name as entry element | Snap Inc. |
| 650 ## - SUBJECT ADDED ENTRY--TOPICAL TERM | |
| Topical term or geographic name as entry element | Internet industry |
| Geographic subdivision | United States |
| General subdivision | History. |
| 650 ## - SUBJECT ADDED ENTRY--TOPICAL TERM | |
| Topical term or geographic name as entry element | New business enterprises |
| Geographic subdivision | United States. |
| 650 ## - SUBJECT ADDED ENTRY--TOPICAL TERM | |
| Topical term or geographic name as entry element | Entrepreneurship |
| Geographic subdivision | United States. |
| 650 ## - SUBJECT ADDED ENTRY--TOPICAL TERM | |
| Topical term or geographic name as entry element | Success in business. |
| 650 ## - SUBJECT ADDED ENTRY--TOPICAL TERM | |
| Topical term or geographic name as entry element | Social media |
| Geographic subdivision | United States |
| General subdivision | Economic aspects. |
| 710 ## - ADDED ENTRY--CORPORATE NAME | |
| Corporate name or jurisdiction name as entry element | St. Martin’s Press, |
| Relator term | publisher. |
| 942 ## - ADDED ENTRY ELEMENTS (KOHA) | |
| Source of classification or shelving scheme | Library of Congress Classification |
| Koha item type | Books |
| Withdrawn status | Lost status | Source of classification or shelving scheme | Damaged status | Home library | Current library | Shelving location | Date acquired | Source of acquisition | Sub Shelving location | Total Checkouts | Full call number | Barcode | Date last seen | Price effective from | Koha item type |
|---|---|---|---|---|---|---|---|---|---|---|---|---|---|---|---|
| Library of Congress Classification | Luxembourg Library | Luxembourg Library | High School Section | 11/19/2024 | Library Fund | HD 9696.8.U64 .G35 2018 | 21382 | 10/20/2025 | 10/20/2025 | Books |